000
00355nam a2200169Ia 4500
100
_a
Watson/Joel
650
_a
game theory
250
_a
2
942
_c
BK
366
_f
20
245
_a
Strategy:Introduction to Game theory
260
_b
Viva Books
_c
2010
082
_a
519.3
_b
WAT
300
_a
404
546
_a
ENGLISH
_c
production
999
_c
21837
_d
21837